[Event "GER-chT U10"]
[Site "Magdeburg"]
[Date "2014.12.29"]
[Round "6.3"]
[White "Hetzner, Michael"]
[Black "Pass, Maurice"]
[Result "1-0"]
[WhiteElo "905"]
[BlackElo "600"]
[PlyCount "61"]
[EventDate "2014.12.27"]
[EventType "team-swiss"]
[EventRounds "7"]
[EventCountry "GER"]
[SourceTitle "EXT 2016"]
[Source "ChessBase"]
[SourceDate "2015.10.08"]
[SourceVersion "1"]
[SourceVersionDate "2015.10.08"]
[SourceQuality "1"]
[WhiteTeam "Erlangen"]
[BlackTeam "Bremen Ost"]
[WhiteTeamCountry "GER"]
[BlackTeamCountry "GER"]

1. e4 e5 2. f4 Bc5 3. Nf3 f6 4. fxe5 fxe5 5. Nxe5 Nf6 6. d4 Bb4+ 7. c3 Bd6 8. Bd3 Bxe5 9. dxe5 Ng8 10. 0-0 d6 11. exd6 cxd6 12. Re1 Qh4 13. e5 dxe5 14. Rxe5+ Kd8 15. Bb5+ Bd7 16. Bg5+ Qxg5 17. Rxg5 Kc8 18. Bxd7+ Nxd7 19. Qg4 Ngf6 20. Qc4+ Kd8 21. Rxg7 Rg8 22. Rxg8+ Nxg8 23. Qxg8+ Kc7 24. Qxa8 b6 25. Qxa7+ Kc6 26. Na3 h5 27. Rd1 Nc5 28. b4 Ne4 29. b5+ Kc5 30. Qe7+ Nd6 31. Qxd6# 1-0

[Event "GER-chT U10"]
[Site "Magdeburg"]
[Date "2014.12.28"]
[Round "3.3"]
[White "Pass, Maurice"]
[Black "Raichle, Simon"]
[Result "0-1"]
[WhiteElo "600"]
[BlackElo "1028"]
[PlyCount "68"]
[EventDate "2014.12.27"]
[EventType "team-swiss"]
[EventRounds "7"]
[EventCountry "GER"]
[SourceTitle "EXT 2016"]
[Source "ChessBase"]
[SourceDate "2015.10.08"]
[SourceVersion "1"]
[SourceVersionDate "2015.10.08"]
[SourceQuality "1"]
[WhiteTeam "Bremen Ost"]
[BlackTeam "Rommelshausen"]
[WhiteTeamCountry "GER"]
[BlackTeamCountry "GER"]

1. e4 e5 2. Nf3 Nc6 3. Nc3 Bb4 4. a3 Ba5 5. Bc4 d6 6. d3 Bg4 7. h3 Bh5 8. Bg5 Nf6 9. Z0 0-0 10. Nd2 Z0 11. Nb5 Bxd1 12. Rxd1 Qe7 13. b4 Bb6 14. Rf1 Nd4 15. Rc1 Nxb5 16. Bxb5 c6 17. Bc4 d5 18. exd5 cxd5 19. Ba2 Qe6 20. h4 Bd8 21. Nf3 Re8 22. c4 Rc8 23. Kd1 Qc6 24. cxd5 Qd7 25. Re1 Be7 26. Nxe5 Qa4+ 27. Kd2 Qxa3 28. Bf4 Bxb4+ 29. Kd1 Bxe1 30. Kxe1 Qxc1+ 31. Bxc1 Rxe5+ 32. Kd1 Rce8 33. d4 Re1+ 34. Kc2 Rc8+ 0-1

[Event "GER-chT U10"]
[Site "Magdeburg"]
[Date "2014.12.28"]
[Round "4.3"]
[White "Summers, Jan"]
[Black "Pass, Maurice"]
[Result "1-0"]
[WhiteElo "600"]
[BlackElo "600"]
[PlyCount "55"]
[EventDate "2014.12.27"]
[EventType "team-swiss"]
[EventRounds "7"]
[EventCountry "GER"]
[SourceTitle "EXT 2016"]
[Source "ChessBase"]
[SourceDate "2015.10.08"]
[SourceVersion "1"]
[SourceVersionDate "2015.10.08"]
[SourceQuality "1"]
[WhiteTeam "Koenigsspringer"]
[BlackTeam "Bremen Ost"]
[WhiteTeamCountry "GER"]
[BlackTeamCountry "GER"]

1. e4 e5 2. f4 f6 3. Nf3 Nc6 4. Bc4 Nge7 5. Nc3 Ng6 6. f5 Nf4 7. 0-0 Bc5+ 8. Kh1 d6 9. a3 Bd7 10. b4 Bb6 11. d3 Qe7 12. Nd5 Qf7 13. Nxf4 exf4 14. Bxf7+ Kf8 15. Bd5 Ne7 16. Bxb7 Rb8 17. Bd5 g6 18. Nh4 gxf5 19. Rxf4 Bd4 20. Ra2 Be5 21. Rf2 Bd4 22. Rf1 fxe4 23. dxe4 c6 24. Bb3 d5 25. exd5 cxd5 26. Qxd4 Kf7 27. Qxf6+ Kg8 28. Qf7# 1-0

[Event "GER-chT U10"]
[Site "Magdeburg"]
[Date "2014.12.27"]
[Round "2.3"]
[White "Wiedersich, Hendryk"]
[Black "Pass, Maurice"]
[Result "1-0"]
[WhiteElo "1004"]
[BlackElo "600"]
[PlyCount "53"]
[EventDate "2014.12.27"]
[EventType "team-swiss"]
[EventRounds "7"]
[EventCountry "GER"]
[SourceTitle "EXT 2016"]
[Source "ChessBase"]
[SourceDate "2015.10.08"]
[SourceVersion "1"]
[SourceVersionDate "2015.10.08"]
[SourceQuality "1"]
[WhiteTeam "Dresden Leuben"]
[BlackTeam "Bremen Ost"]
[WhiteTeamCountry "GER"]
[BlackTeamCountry "GER"]

1. d4 e5 2. dxe5 Bc5 3. Nc3 f6 4. e6 dxe6 5. Qxd8+ Kxd8 6. Bd2 Bb4 7. 0-0-0 Nc6 8. Bh6+ Ke8 9. Bxg7 Nge7 10. Bxh8 Bxc3 11. bxc3 Nf5 12. Bxf6 Ne5 13. Bxe5 c6 14. e4 Ne7 15. Bc4 Ng6 16. Bf6 b5 17. Bb3 a5 18. a4 bxa4 19. Bxa4 Bd7 20. h4 Rb8 21. h5 Nf4 22. g3 Ng2 23. Rh2 e5 24. Bxe5 Bg4 25. Rf1 Be2 26. Nxe2 Ke7 27. Bxb8 1-0